000 00811nam2a2200265 4500
001 RU\NLR\bibl\1715469
005 20250616070502.0
010 _a978-5-87247-551-4
_92000
021 _aRU
_b2010-91195
_96130
035 _a(NLR Aleph) 001706483
090 _a1253137
_c1253137
100 _a20101217d2010 |||y0rusy50 ca
101 0 _arus
102 _aRU
105 _ay |||||||||
200 0 _aКн. 1
210 _d2010
_aБ. м.
215 _a327 с.
225 1 _a...
_v1
461 0 _1001RU\NLR\bibl\1799492
_12001#$aБелая ворона$vКн. 1
_91752276
_cКурган
_d2010
_fсост. С. Шелехов]
_nЗауралье
_o[сборник
_tБелая ворона
_vКн. 1
801 0 _aRU
_bNLR
_c20101217
_gRCR
801 1 _aRU
_bNLR
_c20101217
942 _cBOOK
980 _aNB